| 000 | 01104nam a22002777a 4500 | ||
|---|---|---|---|
| 999 |
_c45720 _d45720 |
||
| 001 | 19355 | ||
| 003 | CO-MdFUSB | ||
| 005 | 20180622073158.0 | ||
| 008 | 171122t1966 enk||||| |||| 00| 0 eng d | ||
| 040 |
_aCO-MdFUSB _bspa _cCO-MdFUSB _dCO-MdFUSBC _erda |
||
| 041 | _aeng | ||
| 082 | 0 | 4 | _aG 226.407 E471g |
| 100 | 1 |
_aEllis, E. Earle., (Editor) _eautor |
|
| 245 | 4 |
_aThe gospel of Luke _c / Edited by E. Earle Ellis |
|
| 264 | 4 |
_aLondon : _bNelson, _c©1966 |
|
| 300 | _a300 páginas | ||
| 336 |
_2rdacontent _atexto _btxt |
||
| 337 |
_2rdamedia _asin mediación _bn |
||
| 338 |
_2rdacarrier _avolumen _bnc |
||
| 500 | _aIncluye índices (p. 281-300) | ||
| 501 | _aPasta dura | ||
| 505 | 0 | 0 | _aLa naturaleza literaria del evangelio - La organización y estructura del evangelio - El origen y autoridad del evangelio - Comentario sobre el prólogo - Comentario sobre el mesianismo y la misión de Jesús - Comentario sobre la enseñanza del Mesías - Comentario sobre la consumación de la misión del Mesías |
| 653 | _aExégesis bíblica | ||
| 653 | _a Evangelios - Lucas - Exégesis | ||
| 942 | _cBK | ||